La última gran emigración política española (Record no. 168974)

MARC details
000 -LEADER
campo de control de longitud fija 00895nam a22001935i 4500
001 - NÚMERO DE CONTROL
campo de control 168974
003 - IDENTIFICADOR DE NÚMERO DE CONTROL
campo de control ES-MaACL
005 - FECHA Y HORA DE LA ÚLTIMA TRANSACCIÓN
campo de control 20250809063534.0
008 - DATOS DE LONGITUD FIJA--INFORMACIÓN GENERAL
campo de control de longitud fija 080710s1983 sp |||| | spa d
080 ## - NÚMERO DE LA CLASIFICACIÓN DECIMAL UNIVERSAL
Número de la Clasificación Decimal Universal 929-054.7(=1.460)"1936/1939"
100 1# - ENTRADA PRINCIPAL--NOMBRE DE PERSONA
Nombre de persona Vilar, Juan Bautista,
Fechas asociadas al nombre 1941-2018
9 (RLIN) 114797
245 13 - MENCIÓN DEL TÍTULO
Título La última gran emigración política española
Resto del título : relación nominal de los militantes republicanos evacuados de Alicante por el buque inglés "Stanbrook" con destino a Orán en 28 de marzo de 1939 /
Mención de responsabilidad, etc. Juan Bta. Vilar.
260 ## - PUBLICACIÓN, DISTRIBUCIÓN, ETC.
Lugar de publicación, distribución, etc. [Murcia :
Nombre del editor, distribuidor, etc. Universidad,
Fecha de publicación, distribución, etc. 1983]
300 ## - DESCRIPCIÓN FÍSICA
Extensión P. [273]-330 ;
Dimensiones 24 cm.
595 ## -
-- Tirada aparte de: Cátedra de Historia Contemporánea (Universidad de Murcia), n. 2, 1983, p. 273-330.
650 14 - PUNTO DE ACCESO ADICIONAL DE MATERIA--TÉRMINO DE MATERIA
Término de materia o nombre geográfico como elemento de entrada Exiliados españoles-
Subdivisión cronológica 1936-1939.
9 (RLIN) 12657
852 ## - LOCALIZACIÓN
Ubicación ES-MaACL
Número de control de estantería 2232-F-15
Nota libre - Dedicatoria autógrafa del autor
Holdings
Estatus retirado Estado de pérdida Estado de daño No para préstamo Colección Biblioteca de origen Biblioteca actual Ubicación en estantería Fecha de adquisición Fuente de adquisición Total de préstamos Signatura topográfica completa Código de barras Visto por última vez Precio de reemplazo Tipo de ítem Koha
        Colección de folletos Biblioteca del Ateneo de Madrid Biblioteca del Ateneo de Madrid Depósito folletos 10/07/2008     2232-F-15 1177345 23/02/2023 23/02/2023 Folleto